[Event "First Saturday 2008 szeptember IM-A"]
[Site "Budapest"]
[Date "2008.09.13"]
[Round "8"]
[White "Lyell, Mark"]
[Black "Werner, Dimo"]
[Result "1/2-1/2"]
[WhiteElo "2232"]
[BlackElo "2329"]
[PlyCount "150"]
[EventDate "2008.09.06"]

1. e4 Nf6 2. Nc3 d5 3. e5 Nfd7 4. Nxd5 Nxe5 5. Ne3 c5 6. Nf3 Nxf3+ 7. Qxf3 Nc6
8. Bb5 Bd7 9. Bc4 e6 10. b4 Qb6 11. bxc5 Bxc5 12. O-O Ne5 13. Qf4 Ng6 14. Qg5
h5 15. Bd3 Be7 16. Qg3 Bd6 17. Nc4 Bxg3 18. Nxb6 Be5 19. Nxa8 Bxa1 20. Nc7+ Kd8
21. Ba3 Be5 22. Nb5 Bxb5 23. Bxb5 Kc7 24. Re1 Rd8 25. Bb4 Bf6 26. Re4 Ne7 27.
Kf1 Nc6 28. Rc4 Kb6 29. Bxc6 bxc6 30. Ke2 Rd5 31. d3 Rb5 32. a4 Re5+ 33. Kd2 a5
34. Bd6 Rd5 35. Bf4 Bg5 36. Bxg5 Rxg5 37. g3 Rf5 38. f4 Rd5 39. Ke3 Kc7 40. Re4
g6 41. c4 Rd8 42. Re5 Kb6 43. d4 Rd7 44. Ke4 Rc7 45. Kd3 Rd7 46. Kc3 Rd8 47.
Re2 c5 48. Rb2+ Kc6 49. dxc5 Rd1 50. Rb6+ Kxc5 51. Rb5+ Kc6 52. Rxa5 Rh1 53.
Ra7 f5 54. Rg7 Rxh2 55. Rxg6 Kd6 56. a5 Ra2 57. Kb4 Rb2+ 58. Ka4 Rc2 59. Kb5
Rb2+ 60. Ka6 Rb4 61. c5+ Kd5 62. c6 Rc4 63. Kb7 Rxc6 64. a6 Rc3 65. Rg7 e5 66.
fxe5 Kxe5 67. a7 Rb3+ 68. Kc7 Ra3 69. Kb8 Kf6 70. Rb7 Rxg3 71. Rh7 Rg8+ 72. Kb7
Kg6 73. Rc7 h4 74. Rc8 Rg7+ 75. Rc7 Rg8 1/2-1/2

[Event "First Saturday 2008 szeptember IM-A"]
[Site "Budapest"]
[Date "2008.09.14"]
[Round "9"]
[White "Parkanyi, Attila"]
[Black "To Nhat, Minh"]
[Result "1-0"]
[WhiteElo "2393"]
[BlackElo "2322"]
[PlyCount "61"]
[EventDate "2008.09.06"]

1. e4 Nf6 2. Nc3 d5 3. e5 Nfd7 4. d4 c5 5. dxc5 e6 6. Nf3 Nc6 7. Bf4 Be7 8. Bb5
g5 9. Bg3 h5 10. h3 Nxc5 11. Nd4 Qb6 12. O-O Nd7 13. Nb3 a6 14. Bd3 h4 15. Bh2
Ndxe5 16. Kh1 Nc4 17. Qc1 Bd7 18. f4 gxf4 19. Bxc4 dxc4 20. Qxf4 cxb3 21. Qxf7+
Kd8 22. Rad1 Kc8 23. axb3 Qe3 24. Rf3 Qc5 25. Na4 Qb4 26. c3 Qxb3 27. Rxd7 Rd8
28. Rc7+ Kb8 29. Rxc6+ Ka7 30. Bg1+ Kb8 31. Qxe7 1-0

[Event "First Saturday 2008 szeptember IM-A"]
[Site "Budapest"]
[Date "2008.09.14"]
[Round "9"]
[White "Vegh, Endre"]
[Black "Lengyel, Bela"]
[Result "1/2-1/2"]
[WhiteElo "2298"]
[BlackElo "2286"]
[PlyCount "46"]
[EventDate "2008.09.06"]

1. e4 e5 2. Nf3 Nc6 3. Bb5 a6 4. Ba4 Nf6 5. O-O Be7 6. Re1 b5 7. Bb3 d6 8. c3
O-O 9. h3 Na5 10. Bc2 c5 11. d4 Qc7 12. Nbd2 Nc6 13. d5 Na5 14. b3 Bd7 15. Nf1
Nb7 16. Ng3 g6 17. Nh2 c4 18. b4 a5 19. Qf3 Rfc8 20. Bg5 Qd8 21. a3 Ra6 22.
Rac1 axb4 23. axb4 Rca8 1/2-1/2

[Event "First Saturday 2008 szeptember IM-A"]
[Site "Budapest"]
[Date "2008.09.14"]
[Round "9"]
[White "Perez Aleman, Pedro T"]
[Black "Csirik, Andras"]
[Result "1/2-1/2"]
[WhiteElo "2210"]
[BlackElo "2272"]
[PlyCount "59"]
[EventDate "2008.09.06"]

1. Nf3 g6 2. c4 Bg7 3. e4 c5 4. d4 Qb6 5. dxc5 Qxc5 6. Bd3 d6 7. O-O Bg4 8. Be3
Qa5 9. Qb3 Qc7 10. Nd4 Nc6 11. Nb5 Qc8 12. N1c3 Nf6 13. Nd5 O-O 14. Nxa7 Rxa7
15. Bxa7 Nxd5 16. cxd5 Nxa7 17. Rfc1 Qb8 18. Rc4 b5 19. Rb4 Bd7 20. a4 Qb6 21.
axb5 Bd4 22. Rxd4 Qxd4 23. b6 Nb5 24. Bxb5 Qxb6 25. Ba4 Qa5 26. Qa3 Bxa4 27.
Qxa4 Qd2 28. Rb1 Rb8 29. Qa1 Qd4 30. h3 1/2-1/2

[Event "First Saturday 2008 szeptember IM-A"]
[Site "Budapest"]
[Date "2008.09.15"]
[Round "10"]
[White "Lengyel, Bela"]
[Black "Perez Aleman, Pedro T"]
[Result "1/2-1/2"]
[WhiteElo "2286"]
[BlackElo "2210"]
[PlyCount "42"]
[EventDate "2008.09.06"]

1. e4 c5 2. Nf3 Nc6 3. d4 cxd4 4. Nxd4 Nf6 5. Nc3 e5 6. Ndb5 d6 7. Bg5 a6 8.
Na3 b5 9. Nd5 Be7 10. Bxf6 Bxf6 11. c3 Bg5 12. Nc2 Ne7 13. Ncb4 O-O 14. a4 bxa4
15. Rxa4 a5 16. Nxe7+ Qxe7 17. Bc4 Bg4 18. Qxg4 axb4 19. Rxa8 Rxa8 20. O-O bxc3
21. bxc3 Bd2 1/2-1/2

[Event "First Saturday 2008 szeptember IM-A"]
[Site "Budapest"]
[Date "2008.09.15"]
[Round "10"]
[White "To Nhat, Minh"]
[Black "Vegh, Endre"]
[Result "1/2-1/2"]
[WhiteElo "2322"]
[BlackElo "2298"]
[PlyCount "33"]
[EventDate "2008.09.06"]

1. e4 c5 2. Nf3 e6 3. d4 cxd4 4. Nxd4 Nf6 5. Nc3 Nc6 6. Ndb5 d6 7. Bf4 e5 8.
Bg5 a6 9. Na3 b5 10. Nd5 Qa5+ 11. Bd2 Qd8 12. Bg5 Be7 13. Bxf6 Bxf6 14. c3 O-O
15. Nc2 Bg5 16. a4 bxa4 17. Rxa4 1/2-1/2

[Event "First Saturday 2008 szeptember IM-A"]
[Site "Budapest"]
[Date "2008.09.15"]
[Round "10"]
[White "Lyell, Mark"]
[Black "Parkanyi, Attila"]
[Result "0-1"]
[WhiteElo "2232"]
[BlackElo "2393"]
[PlyCount "97"]
[EventDate "2008.09.06"]

1. e4 g6 2. Nc3 Bg7 3. f4 d6 4. Nf3 Nf6 5. d4 c5 6. e5 Nfd7 7. e6 fxe6 8. Ng5
Nf6 9. dxc5 O-O 10. Bc4 d5 11. Be2 Nc6 12. O-O e5 13. fxe5 Nxe5 14. Nf3 Nc6 15.
Bg5 Be6 16. Qe1 Bf7 17. Rd1 Qa5 18. Bb5 a6 19. Bxc6 Qxc5+ 20. Be3 Qxc6 21. Bd4
Ne4 22. Bxg7 Kxg7 23. Nd4 Qc5 24. Nxe4 dxe4 25. Qxe4 e5 26. b4 Qc7 27. Nf3 Rae8
28. a3 Re7 29. h3 Bc4 30. Rfe1 Rf5 31. Nd2 Bb5 32. Nb3 Bc6 33. Qe3 Ref7 34. c4
Qe7 35. Nc5 h6 36. Ne4 Qh4 37. Qg3 Qe7 38. Rd6 g5 39. Qd3 Bxe4 40. Rxe4 Rf1+
41. Kh2 R1f6 42. c5 Rxd6 43. cxd6 Qe6 44. h4 Rd7 45. Qg3 Kf6 46. Kg1 Qxd6 47.
hxg5+ hxg5 48. Qf2+ Kg6 49. Kh2 0-1

[Event "First Saturday 2008 szeptember IM-A"]
[Site "Budapest"]
[Date "2008.09.15"]
[Round "10"]
[White "Werner, Dimo"]
[Black "Simonyi, Zoltan"]
[Result "1-0"]
[WhiteElo "2329"]
[BlackElo "2247"]
[PlyCount "69"]
[EventDate "2008.09.06"]

1. e4 e5 2. Bc4 Nf6 3. d3 Nc6 4. Nf3 Be7 5. O-O O-O 6. Re1 d6 7. a4 Bg4 8. h3
Bh5 9. c3 Qd7 10. Nbd2 Bg6 11. a5 a6 12. Nf1 Nd8 13. Nh4 Nh5 14. Nxg6 hxg6 15.
d4 Nc6 16. Nh2 Rad8 17. Nf3 Bf6 18. Be3 Nf4 19. Bxf4 exf4 20. Qb3 Be7 21. Bd5
Rb8 22. e5 Nd8 23. Rad1 Kh7 24. Qc2 c6 25. exd6 Qxd6 26. Ba2 f5 27. h4 Qc7 28.
b4 Bf6 29. Re2 Nf7 30. Rde1 Nd6 31. Re6 Ne4 32. R1xe4 fxe4 33. Qxe4 Qf7 34. h5
Kh6 35. Re5 1-0

[Event "First Saturday 2008 szeptember IM-A"]
[Site "Budapest"]
[Date "2008.09.16"]
[Round "11"]
[White "Parkanyi, Attila"]
[Black "Werner, Dimo"]
[Result "1/2-1/2"]
[WhiteElo "2393"]
[BlackElo "2329"]
[PlyCount "29"]
[EventDate "2008.09.06"]

1. e4 e6 2. d4 d5 3. e5 c5 4. c3 Bd7 5. Nf3 a6 6. Be2 cxd4 7. cxd4 Bb5 8. Nc3
Bxe2 9. Qxe2 Nc6 10. O-O Nge7 11. Be3 Nf5 12. Kh1 Bb4 13. Rac1 O-O 14. g4 Nxe3
15. fxe3 1/2-1/2

[Event "First Saturday 2008 szeptember IM-A"]
[Site "Budapest"]
[Date "2008.09.16"]
[Round "11"]
[White "Vegh, Endre"]
[Black "Lyell, Mark"]
[Result "1/2-1/2"]
[WhiteElo "2298"]
[BlackElo "2232"]
[PlyCount "97"]
[EventDate "2008.09.06"]

1. d4 d5 2. c4 Nc6 3. cxd5 Qxd5 4. e3 e5 5. Nc3 Bb4 6. Bd2 Bxc3 7. Bxc3 exd4 8.
Ne2 Nf6 9. Nxd4 O-O 10. Qb3 Nxd4 11. Bxd4 Qa5+ 12. Bc3 Qf5 13. Bxf6 Qxf6 14.
Bc4 Be6 15. Bxe6 fxe6 16. O-O Rad8 17. Qc2 c5 18. Rad1 b6 19. b3 Rd5 20. e4 Rd4
21. Rxd4 Qxd4 22. Qe2 Rd8 23. Qa6 Rd7 24. h3 h6 25. Qc8+ Kh7 26. Qe8 e5 27. h4
Rd6 28. Qe7 a5 29. Re1 Rf6 30. Re3 Qd2 31. Rg3 Qxf2+ 32. Kh2 Rf7 33. Qxe5 Qf4
34. Qh5 Rf6 35. e5 Re6 36. Kh3 Qxe5 37. Qf7 Rd6 38. Qc7 Qe6+ 39. Kh2 Rd7 40.
Qc8 Re7 41. Qd8 Rf7 42. Qd3+ Qf5 43. Qd6 b5 44. Rf3 Qh5 45. Qd3+ Kg8 46. Qd8+
Kh7 47. Qd3+ Kg8 48. Qd8+ Kh7 49. Qd3+ 1/2-1/2

[Event "First Saturday 2008 szeptember IM-A"]
[Site "Budapest"]
[Date "2008.09.16"]
[Round "11"]
[White "Perez Aleman, Pedro T"]
[Black "To Nhat, Minh"]
[Result "0-1"]
[WhiteElo "2210"]
[BlackElo "2322"]
[PlyCount "82"]
[EventDate "2008.09.06"]

1. Nf3 d5 2. d4 Nf6 3. c4 c6 4. Nc3 dxc4 5. a4 Bf5 6. e3 e6 7. Bxc4 Bb4 8. O-O
Nbd7 9. Qb3 Qb6 10. e4 Bg4 11. Be3 Bxc3 12. Qxc3 Nxe4 13. Qa3 Qc7 14. Ne5 Bf5
15. g4 Bg6 16. Bf4 Qd8 17. f3 Nxe5 18. Bxe5 Nd2 19. Ba2 Nxf1 20. Rxf1 Qe7 21.
Bd6 Qd7 22. a5 Bd3 23. Re1 Bb5 24. Be5 Qe7 25. Bd6 Qf6 26. Be5 Qg5 27. Bg3
O-O-O 28. Qb4 h5 29. gxh5 Qxh5 30. Kg2 Rd7 31. Re5 Qh3+ 32. Kf2 Qf1+ 33. Ke3
Qd3+ 34. Kf2 Qxd4+ 35. Qxd4 Rxd4 36. Ke1 g6 37. Re3 Rhd8 38. Bf4 Rd3 39. Rxd3
Bxd3 40. Bb3 b6 41. Bg5 Rd7 0-1

[Event "First Saturday 2008 szeptember IM-A"]
[Site "Budapest"]
[Date "2008.09.16"]
[Round "11"]
[White "Konnyu, Janos"]
[Black "Csirik, Andras"]
[Result "1-0"]
[WhiteElo "2314"]
[BlackElo "2272"]
[PlyCount "63"]
[EventDate "2008.09.06"]

1. d4 d5 2. c4 dxc4 3. Nf3 c5 4. d5 e6 5. e4 exd5 6. exd5 Bd6 7. Bxc4 Ne7 8.
O-O O-O 9. Nc3 a6 10. a4 Bg4 11. h3 Bxf3 12. Qxf3 Nd7 13. Bf4 Ne5 14. Bxe5 Bxe5
15. Ne4 Qc7 16. Rad1 Nc8 17. Qh5 Bd4 18. Bd3 g6 19. Qh4 Bg7 20. Rc1 Qd8 21.
Qxd8 Rxd8 22. Nxc5 Bxb2 23. Rc2 Bd4 24. Nxb7 Rxd5 25. Be4 Re5 26. Bf3 Rb8 27.
Rd1 Bb6 28. a5 Bxa5 29. Nxa5 Rxa5 30. Rd8+ Kg7 31. Rdxc8 Rxc8 32. Rxc8 1-0